Responses for Show #2110 - Friday, November 5, 1993

Contestants

[<< previous game]

Adele Keyes Homer, a homemaker from Middletown, New York

Carole Lord, a systems consultant from Ocean, New Jersey

Craig Savel, a data processor from Flushing, New York (whose 1-day cash winnings total $10,401)

[next game >>]

Jeopardy! Round responses

1876
PATs & PATRICKs
WEIGHTS & MEASURES
STATE SEALS
IN THE SKY
PROVERBS
    $100 23
Little Big Horn

Craig
    $100 5
Pat Sajak

Adele
    $100 13
four score and seven

Carole
    $100 18
the phoenix

Adele
    $100 1
lightning

Craig
    $100 3
curiosity

Adele
    $200 24
Dewey

Carole
    $200 9
Patrick Henry

Adele
    $200 14
(Craig: What is a pint?)

2 quarts

CraigAdele
    $200 19
(Adele: What is Alaska?)

California

Adele
Triple Stumper
    $200 2
Lucy in the Sky (with Diamonds)

Adele
    $200 4
honesty

Carole
    $300 25
The Harvard Lampoon

Craig
    $300 10
Pat Nixon

Carole
    $300 15
a magnum

Craig
    $300 28
New Hampshire

Craig
    $800 20
Leo (the Lion)

Adele
    $300 6
opportunity

Carole
    $400 26
The Spirit of '76

Adele
    $400 11
Patrick Ewing

Craig
    $400 16
a pinch

Craig
    $400 29
(Adele: Uh, what is New York?)

Oklahoma

Adele
Triple Stumper
    $400 21
vultures

Adele
    $400 7
hair

Carole
    $500 27
(Fred) Harvey

Carole
    $500 12
Pat Conroy

Adele
    $500 17
a rupee

Craig
    $500 30
(Craig: What is the Appalachians?)
(Alex: Be more specific.)

the Alleghenies

Craig
    $500 22
(Adele: What are the Bluebirds?)

the Blue Angels

CaroleAdele
    $500 8
elbow

Carole

Scores at the first commercial break (after clue 12):

Craig Carole Adele
$500 $1,700 $1,100

Scores at the end of the Jeopardy! Round:

Craig Carole Adele
$2,700 $3,000 $1,900

Double Jeopardy! Round responses

HISTORY
SCIENCE
REAL NAMES ON THE MARQUEE
WORLD GEOGRAPHY
TRANSFORMATIONS
SHAKESPEARE
    $200 12
(Adele: Who is Batista?)

Fidel Castro

Adele
Triple Stumper
    $200 4
(Craig: What is The Origin of Species?)
...
(Alex: Yes, you gave me the title instead of the author.)

Darwin

CraigAdele
    $200 1
Debbie Reynolds & Gregory Peck

Adele
    $200 17
Dr. Jekyll

Adele
    $200 7
Kate

Carole
    $400 13
South Africa

Craig
    $400 2
Bing Crosby & Barry Fitzgerald

Carole
    $400 18
Midas

Carole
    $400 8
greatness thrust upon 'em

Carole
    $600 14
Qaddafi

Carole
    $600 22
Howard Carter

Triple Stumper
    $600 3
Natalie Wood & Rita Moreno

Craig
    $600 19
swine

Carole
    $600 9
Portia

Carole
    $800 15
Indochina

Craig
    $1,000 23
(Carole: That was a guess.)

the femoral artery

Carole
    $800 5
(Craig: Who is, uh, Sophia Loren and...)

Cary Grant & Sophia Loren

CraigAdele
    $800 20
(Alex: Correct, and we have a minute to go.)

Kafka

Carole
    $800 10
(Adele: What is Midsummer Night's Dream?)

As You Like It

Adele
Triple Stumper
    $1000 16
Cyrus (the Great)

Carole
    $1000 24
[The end-of-round signal sounds.]

light-emitting diode

Craig
    $1000 6
Doris Day & Rock Hudson

Carole
    $1000 21
Pygmalion

Carole
    $1000 11
Friar Laurence

Triple Stumper

Scores at the end of the Double Jeopardy! Round:

Craig Carole Adele
$4,500 $11,000 $2,300
(lock game)

[wagering suggestions for these scores]

Final Jeopardy! Round responses

MAMMALS
(Alex: [To Craig] Chiroptera, yes. "Wing" and "hand".)
AdeleWhat are roden
$300
Craigwhat are bats?
$4,500
CaroleWhat are
$1,000
bats

Final scores:

Craig Carole Adele
$9,000 $10,000 $2,000
2nd place: Gibson 3-piece kitchen with refrigerator/freezer, gas range & portable dishwasher + Aristokraft moveable kitchen island work center with butcher block top, slide-out cutting board & silverware drawer New champion: $10,000 3rd place: Corning Ware 35th anniversary products + Wheel of Fortune & Jeopardy! for the 16-bit Super Nintendo Entertainment System & Sega Genesis system

Game dynamics:

Coryat scores:

Craig Carole Adele
$4,500 $10,800 $1,800
13 R,
3 W
21 R
(including 1 DD),
0 W
14 R
(including 1 DD),
5 W

Combined Coryat: $17,100

[game clues] [game scores] [suggest correction]

Game tape date: 1993-08-30
The J! Archive is created by fans, for fans. Scraping, republication, monetization, and malicious use prohibited; this site may use cookies and collect identifying information. See terms. The Jeopardy! game show and all elements thereof, including but not limited to copyright and trademark thereto, are the property of Jeopardy Productions, Inc. and are protected under law. This website is not affiliated with, sponsored by, or operated by Jeopardy Productions, Inc. Join the discussion at JBoard.tv.